000
00226nam a2200085Ia 4500
008
170620s9999 xx 000 0 und d
100
_a
RANCHHODDAS- RATANLAL
245
4
_a
THE LAW OF EVIDENCE
260
_b
"NAGPUR
260
_c
LEXIS NEXIS BUTTERWORTHSWADHWA"
999
_c
29577
_d
29577